000 00547nam a22002177a 4500
003 UA-OsUOA
001 58063
007 ta
008 20090126b un ||||| |||| 00| 0 ukr d
100 _aБілоусова Н.
090 _a32
_bБ67
942 _cSA
040 _aUA-OsUOA
_bukr
_cUA-OsUOA
_dUA-OsUOA
245 _aУода щодо російського газу: хто виграв і хто програв
300 _aС.5
955 _a0
041 _aukr
080 _a32
773 0 _w58062
650 7 _a32 Політика
_2UDC
999 _c344150
_d344150